[Event "Russian Superfinal 2015"]
[Site "Chita RUS"]
[Date "2015.08.12"]
[Round "4"]
[White "Dubov, Daniil"]
[Black "Karjakin, Sergey"]
[Result "1/2-1/2"]
[WhiteElo "2654"]
[BlackElo "2753"]
[PlyCount "81"]
[EventDate "2015.08.09"]

1. d4 Nf6 2. c4 e6 3. Nf3 d5 4. Nc3 c6 5. Bg5 h6 6. Bxf6 Qxf6 7. e3 Nd7 8. Be2
dxc4 9. O-O g6 10. Ne4 Qe7 11. Ne5 Bg7 12. f4 Nb6 13. Qe1 O-O 14. h4 h5 15. Rf3
Bd7 16. Rc1 Be8 17. Qa5 Nd5 18. Bxc4 b6 19. Qe1 c5 20. dxc5 bxc5 21. Bxd5 exd5
22. Nxc5 Rc8 23. b4 a5 24. a3 axb4 25. axb4 Bb5 26. Rd1 Bxe5 27. fxe5 Qxe5 28.
Rd4 Ra8 29. Qg3 Rfe8 30. Qxe5 Rxe5 31. Nd3 Re4 32. Rxd5 Bc4 33. Rd4 Bxd3 34.
Rxd3 Rxb4 35. Rd4 Rb1+ 36. Kh2 Ra7 37. Rdf4 Re7 38. g4 hxg4 39. Rxg4 Rb3 40. h5
Rbxe3 41. Rxe3 1/2-1/2

[Event "Russian Superfinal 2015"]
[Site "Chita RUS"]
[Date "2015.08.12"]
[Round "4"]
[White "Khairullin, I."]
[Black "Artemiev, V."]
[Result "0-1"]
[WhiteElo "2662"]
[BlackElo "2671"]
[PlyCount "94"]
[EventDate "2015.08.09"]

1. Nf3 Nf6 2. c4 c6 3. d4 d5 4. e3 Bf5 5. Nc3 e6 6. Nh4 Bg6 7. Qb3 Qc7 8. Nxg6
hxg6 9. g3 Nbd7 10. Bg2 Be7 11. O-O O-O 12. cxd5 cxd5 13. Bd2 Nb6 14. Rfc1 Qd7
15. Bf1 Rfc8 16. Bb5 Qd8 17. Ne2 Rxc1+ 18. Rxc1 Rc8 19. f3 g5 20. g4 Ra8 21.
Bd3 Ne8 22. Qd1 Nd6 23. b3 Nd7 24. Nc3 Bf6 25. Na4 e5 26. Bb4 Nb6 27. Nxb6 Qxb6
28. Bc5 Qd8 29. dxe5 Bxe5 30. Be2 Ne8 31. Qd2 Nc7 32. f4 gxf4 33. exf4 Bd6 34.
Bf2 Ne6 35. Qxd5 Nxf4 36. Qf3 Qg5 37. Rc4 Re8 38. Re4 Rc8 39. Rc4 Rf8 40. Bg3
Bc5+ 41. Kh1 Nxe2 42. Qxe2 Rd8 43. Qf3 Rd2 44. Qf5 Rd1+ 45. Kg2 Qd2+ 46. Kh3
Qh6+ 47. Kg2 Rg1+ 0-1

[Event "Russian Superfinal 2015"]
[Site "Chita RUS"]
[Date "2015.08.12"]
[Round "4"]
[White "Svidler, P."]
[Black "Khismatullin, D."]
[Result "0-1"]
[WhiteElo "2739"]
[BlackElo "2642"]
[PlyCount "58"]
[EventDate "2015.08.09"]

1. e4 c5 2. Nc3 a6 3. Nge2 d6 4. g3 g6 5. d4 cxd4 6. Nxd4 Bg7 7. Bg2 Nf6 8. b3
O-O 9. Bb2 Bd7 10. Qd2 Nc6 11. Nde2 b5 12. O-O-O Ng4 13. Rdf1 Qa5 14. h3 Nf6
15. Kb1 b4 16. Nd1 Qc7 17. Ne3 a5 18. f4 a4 19. e5 dxe5 20. fxe5 Nxe5 21. Bxa8
Rxa8 22. Rf4 axb3 23. axb3 Qa7 24. Nd4 Nh5 25. Nd5 Bc6 26. Nxc6 Qa2+ 27. Kc1
Qa1+ 28. Bxa1 Rxa1+ 29. Kb2 Nc4# 0-1

[Event "Turkish Super League 2015"]
[Site "Kocaeli TUR"]
[Date "2015.08.12"]
[Round "10"]
[White "Moiseenko, Alexander"]
[Black "Karaahmetoglu, Ege"]
[Result "1-0"]
[WhiteElo "2710"]
[BlackElo "2032"]
[PlyCount "70"]
[EventDate "2015.08.04"]
[WhiteTeam "Kayseri Seker Sports Club"]
[BlackTeam "Ankara Demirspor Kulubu"]

1. d4 d5 2. c4 c6 3. Nf3 Nf6 4. Nc3 dxc4 5. a4 Bf5 6. Nh4 e6 7. Nxf5 exf5 8. e3
Bb4 9. Bxc4 O-O 10. Qc2 g6 11. O-O Nbd7 12. f3 Nb6 13. Bb3 f4 14. a5 Nc8 15. a6
Rb8 16. Kh1 fxe3 17. Bxe3 bxa6 18. Ne4 Nd5 19. Bh6 Qb6 20. Bxf8 Bxf8 21. Bxd5
cxd5 22. Nc5 Qxb2 23. Qxb2 Rxb2 24. Rab1 Rxb1 25. Rxb1 Nb6 26. Ra1 Bg7 27. Nb3
Kf8 28. Rxa6 Nc4 29. Rxa7 Ne3 30. g4 f5 31. Nc5 Kg8 32. Ne6 Bf6 33. g5 Bh8 34.
Ra8+ Kf7 35. Rxh8 Kxe6 1-0

[Event "Turkish Super League 2015"]
[Site "Kocaeli TUR"]
[Date "2015.08.12"]
[Round "10"]
[White "Harikrishna, Pentala"]
[Black "Yilmaz, Mustafa"]
[Result "1/2-1/2"]
[WhiteElo "2740"]
[BlackElo "2582"]
[PlyCount "81"]
[EventDate "2015.08.04"]
[WhiteTeam "Istanbul Technical University Sports Club"]
[BlackTeam "Hatay Buyuksehir Belediyesi Genclik Sports Cl"]

1. g3 e5 2. c4 Nc6 3. Bg2 Nf6 4. Nc3 Bb4 5. Nd5 Bc5 6. e3 O-O 7. Ne2 Nxd5 8.
cxd5 Ne7 9. b3 c6 10. Bb2 Nxd5 11. Bxe5 Nc7 12. Qc2 Ne6 13. Nf4 Qe7 14. Nxe6
dxe6 15. O-O Bd7 16. Rab1 a5 17. Qc4 Rfd8 18. Rfd1 Bb4 19. Rbc1 Rac8 20. Bd4
Be8 21. Rc2 c5 22. Bb2 a4 23. d3 axb3 24. axb3 f6 25. Bc3 b5 26. Qg4 Bxc3 27.
Rxc3 Bf7 28. d4 cxd4 29. Rxc8 Rxc8 30. Qxd4 b4 31. Qb6 h6 32. Bc6 Qf8 33. h3
Rb8 34. Qa7 Rd8 35. Rd7 e5 36. Rb7 Bxb3 37. Qb6 Be6 38. Bg2 Qd6 39. Qa7 Qf8 40.
Qb6 Qd6 41. Qxd6 1/2-1/2

[Event "Riga Open 2015"]
[Site "Riga LAT"]
[Date "2015.08.12"]
[Round "4"]
[White "Dragun, Kamil"]
[Black "Shirov, Alexei"]
[Result "1/2-1/2"]
[WhiteElo "2572"]
[BlackElo "2702"]
[PlyCount "89"]
[EventDate "2015.08.10"]

1. d4 d5 2. c4 c6 3. Nf3 Nf6 4. Nc3 e6 5. e3 Nbd7 6. Qc2 Bd6 7. Bd3 O-O 8. O-O
dxc4 9. Bxc4 b5 10. Be2 Bb7 11. Rd1 Qc7 12. e4 e5 13. g3 Rfe8 14. dxe5 Nxe5 15.
Bg5 Neg4 16. Rac1 Bc5 17. Bxf6 Bxf2+ 18. Kh1 gxf6 19. Nxb5 Qe7 20. Nd6 Ne3 21.
Qc3 Nxd1 22. Rxd1 c5 23. Nxe8 Rxe8 24. Rf1 Bd4 25. Nxd4 cxd4 26. Qxd4 Qxe4+ 27.
Qxe4 Bxe4+ 28. Bf3 Bxf3+ 29. Rxf3 Re2 30. Rxf6 Rxb2 31. Ra6 Rb1+ 32. Kg2 Rb2+
33. Kh3 h5 34. Rxa7 Kg7 35. a4 Ra2 36. a5 Kg6 37. Ra8 f6 38. a6 f5 39. a7 Kg7
40. Kh4 Rxh2+ 41. Kg5 Ra2 42. Kxh5 Ra3 43. Kh4 Kh7 44. Kg5 Rxg3+ 45. Kxf5
1/2-1/2

[Event "Russian Superfinal 2015"]
[Site "Chita RUS"]
[Date "2015.08.13"]
[Round "5"]
[White "Karjakin, Sergey"]
[Black "Motylev, Alexander"]
[Result "1/2-1/2"]
[WhiteElo "2753"]
[BlackElo "2658"]
[PlyCount "48"]
[EventDate "2015.08.09"]

1. d4 d5 2. c4 c6 3. Nc3 Nf6 4. Nf3 e6 5. Bg5 h6 6. Bxf6 Qxf6 7. e3 Nd7 8. Bd3
dxc4 9. Bxc4 g6 10. O-O Bg7 11. e4 O-O 12. Re1 e5 13. d5 Rd8 14. Rc1 h5 15. h3
Bh6 16. Rc2 Nb6 17. Bb3 a5 18. a3 Kg7 19. Qe2 Bd7 20. Rd1 Be8 21. Ba2 Rac8 22.
Bb3 Ra8 23. Ba2 Rac8 24. Bb3 Ra8 1/2-1/2

[Event "Russian Superfinal 2015"]
[Site "Chita RUS"]
[Date "2015.08.13"]
[Round "5"]
[White "Tomashevsky, Evgeny"]
[Black "Dubov, Daniil"]
[Result "1/2-1/2"]
[WhiteElo "2747"]
[BlackElo "2654"]
[PlyCount "61"]
[EventDate "2015.08.09"]

1. d4 d5 2. c4 c6 3. Nf3 Nf6 4. Nc3 dxc4 5. a4 Bf5 6. Ne5 Nbd7 7. Nxc4 Nb6 8.
Ne5 a5 9. g3 Nfd7 10. Nxd7 Nxd7 11. Bg2 e5 12. d5 Bc5 13. O-O O-O 14. Ne4 Bxe4
15. Bxe4 Nf6 16. Bg5 cxd5 17. Bxf6 Qxf6 18. Qxd5 Qe7 19. Rac1 b6 20. Rfd1 Rad8
21. Qb3 g6 22. Rxd8 Rxd8 23. Rd1 Rxd1+ 24. Qxd1 Qd6 25. Qxd6 Bxd6 26. b3 Kg7
27. Kg2 Kf6 28. Kf3 Kg7 29. Kg2 Kf6 30. Kf3 Kg7 31. Kg2 1/2-1/2

[Event "Russian Superfinal 2015"]
[Site "Chita RUS"]
[Date "2015.08.13"]
[Round "5"]
[White "Artemiev, Vladislav"]
[Black "Svidler, Peter"]
[Result "1/2-1/2"]
[WhiteElo "2671"]
[BlackElo "2739"]
[PlyCount "70"]
[EventDate "2015.08.09"]

1. Nf3 Nf6 2. c4 c5 3. b3 g6 4. Bb2 Bg7 5. g3 b6 6. Bg2 Bb7 7. O-O O-O 8. Nc3
Ne4 9. d4 Nxc3 10. Bxc3 d6 11. Rc1 cxd4 12. Nxd4 Bxg2 13. Kxg2 Qc8 14. Nb5 Nd7
15. Bxg7 Kxg7 16. Nc3 Nf6 17. e4 Qb7 18. Qd4 Rac8 19. Rc2 Rc5 20. b4 Rc7 21.
Rfc1 Rfc8 22. Nd5 e5 23. Qd3 Nxd5 24. exd5 Rd8 25. Qe4 Rcc8 26. Kg1 Qe7 27. Qe3
Rd7 28. Rc3 Rdc7 29. R1c2 h5 30. h4 Rd7 31. Kh2 Rdc7 32. a3 Rd7 33. Rc1 Rdc7
34. R1c2 Rd7 35. Rc1 Rdc7 1/2-1/2

[Event "Russian Superfinal 2015"]
[Site "Chita RUS"]
[Date "2015.08.13"]
[Round "5"]
[White "Jakovenko, Dmitry"]
[Black "Vitiugov, Nikita"]
[Result "1/2-1/2"]
[WhiteElo "2759"]
[BlackElo "2719"]
[PlyCount "181"]
[EventDate "2015.08.09"]

1. d4 Nf6 2. c4 e6 3. g3 Bb4+ 4. Bd2 Be7 5. Bg2 d5 6. Nf3 c6 7. Qc2 O-O 8. O-O
Nbd7 9. Rd1 b6 10. b3 Ba6 11. a4 h6 12. a5 Bd6 13. Be1 Ne4 14. Ne5 Nxe5 15.
Bxe4 Nd7 16. Bd3 Qc8 17. Nd2 Bb4 18. Nf3 Bxe1 19. Rxe1 dxc4 20. Bxc4 c5 21.
Bxa6 Qxa6 22. dxc5 bxc5 23. Red1 Nf6 24. Qc4 Qb7 25. Qxc5 Rfc8 26. Qa3 Rc3 27.
a6 Qxb3 28. Qe7 Qb6 29. Rdb1 Nd5 30. Rxb6 Nxe7 31. Rb7 Nd5 32. Ne5 Nc7 33. Nd3
Ne8 34. Nb4 Nd6 35. Rd7 Ne4 36. Nd3 Nf6 37. Rb7 Ne8 38. Rab1 Nd6 39. Rd7 Rc6
40. Ra1 Rb6 41. Ne5 Ne4 42. Ra5 f6 43. Nd3 e5 44. Kg2 Rd6 45. Rc7 Ng5 46. Nc5
Ne6 47. Nxe6 Rxe6 48. Rd5 Rxa6 49. Rdd7 g5 50. Rg7+ Kh8 51. Rh7+ Kg8 52. Rxh6
Rb6 53. Rg6+ Kh8 54. Kh3 a5 55. Kg4 Rba6 56. Kh5 a4 57. Kh6 R6a7 58. Rxa7 Rxa7
59. Rxf6 Kg8 60. Rg6+ Kf8 61. Rc6 a3 62. Rc1 g4 63. Ra1 Ke7 64. Kg5 Ra4 65. Kf5
Kd6 66. Rd1+ Rd4 67. Ra1 Ra4 68. e4 a2 69. Kf6 Ra8 70. Kg5 Ra4 71. Kf5 Kc5 72.
Kxe5 Kc4 73. Kf5 Kb3 74. e5 Kb2 75. Re1 a1=Q 76. Rxa1 Rxa1 77. Kxg4 Kc3 78. f4
Kd4 79. h4 Kd5 80. Kf5 Ra8 81. Kf6 Ra6+ 82. Kf5 Ra8 83. h5 Rf8+ 84. Kg4 Ke6 85.
Kf3 Ra8 86. g4 Ra3+ 87. Kg2 Kd5 88. h6 Ke6 89. Kh2 Rb3 90. Kg2 Ra3 91. Kh2
1/2-1/2

[Event "Russian Superfinal 2015"]
[Site "Chita RUS"]
[Date "2015.08.13"]
[Round "5"]
[White "Khismatullin, Denis"]
[Black "Lysyj, Igor"]
[Result "1/2-1/2"]
[WhiteElo "2642"]
[BlackElo "2673"]
[PlyCount "85"]
[EventDate "2015.08.09"]

1. d4 Nf6 2. c4 e6 3. Nf3 b6 4. g3 Bb4+ 5. Bd2 Be7 6. Bg2 Bb7 7. O-O O-O 8. Nc3
c6 9. Bf4 d5 10. Qd3 Nbd7 11. Rfd1 dxc4 12. Qxc4 b5 13. Qb3 a5 14. Ne5 a4 15.
Qc2 Nxe5 16. Bxe5 Nd5 17. Ne4 a3 18. b3 b4 19. Nc5 Ba6 20. Be4 h6 21. Bxd5 exd5
22. Nxa6 Rxa6 23. Rac1 Qd7 24. Qd3 Rb6 25. Rc2 Re8 26. Qf3 Qe6 27. Rdc1 Qd7 28.
Kg2 Bg5 29. e3 Be7 30. h4 Bf8 31. g4 Bd6 32. Qf4 Bxe5 33. dxe5 Re6 34. h5 Rb8
35. Rxc6 Rxc6 36. e6 Qxe6 37. Qxb8+ Kh7 38. Rxc6 Qxc6 39. Qxb4 d4+ 40. Kg3 d3
41. Qd4 Qc2 42. Qe4+ Kh8 43. Qe8+ 1/2-1/2

[Event "Riga Open 2015"]
[Site "Riga LAT"]
[Date "2015.08.13"]
[Round "5"]
[White "Shirov, Alexei"]
[Black "Kovalev, Vladislav"]
[Result "1-0"]
[WhiteElo "2702"]
[BlackElo "2540"]
[PlyCount "99"]
[EventDate "2015.08.10"]

1. e4 e5 2. Nf3 Nc6 3. Bb5 a6 4. Ba4 Nf6 5. O-O Be7 6. Re1 b5 7. Bb3 d6 8. c3
O-O 9. h3 Bb7 10. d4 Re8 11. Nbd2 Bf8 12. a4 h6 13. Bc2 exd4 14. cxd4 Nb4 15.
Bb1 c5 16. d5 Nd7 17. Ra3 c4 18. Nd4 Qf6 19. N2f3 Nc5 20. axb5 axb5 21. Nxb5
Rxa3 22. Nxa3 Ba6 23. Re3 Rb8 24. Rc3 Nbd3 25. Bxd3 cxd3 26. Be3 Nxe4 27. Rc6
Qxb2 28. Rxa6 Rb3 29. Nd2 Nxd2 30. Qxd2 Qa1+ 31. Qc1 Qxc1+ 32. Bxc1 Rb2 33. Ra8
d2 34. Bxd2 Rxd2 35. Nc4 Rd1+ 36. Kh2 g6 37. Nb6 Kg7 38. Re8 f5 39. Nd7 Kf7 40.
Rxf8+ Ke7 41. Rh8 Kxd7 42. Rxh6 Rxd5 43. Rxg6 f4 44. h4 Ke7 45. Kh3 Kf7 46. Rg5
Rd4 47. f3 d5 48. Kg4 Ke6 49. h5 Ra4 50. h6 1-0

[Event "Riga Open 2015"]
[Site "Riga LAT"]
[Date "2015.08.13"]
[Round "6"]
[White "Chigaev, Maksim"]
[Black "Shirov, Alexei"]
[Result "0-1"]
[WhiteElo "2519"]
[BlackElo "2702"]
[PlyCount "98"]
[EventDate "2015.08.10"]

1. e4 c5 2. Nf3 Nc6 3. d4 cxd4 4. Nxd4 Nf6 5. Nc3 e5 6. Ndb5 d6 7. Bg5 a6 8.
Na3 b5 9. Nd5 Be7 10. Bxf6 Bxf6 11. c4 b4 12. Nc2 O-O 13. g3 Be6 14. Bg2 Bg5
15. O-O Qa5 16. Qd3 Qc5 17. a3 a5 18. axb4 Nxb4 19. Ncxb4 axb4 20. Qb3 Bxd5 21.
cxd5 g6 22. Rfd1 Rxa1 23. Rxa1 Bd8 24. Qe3 Qxe3 25. fxe3 Bb6 26. Kf2 Rc8 27.
Re1 Kf8 28. Bh3 Rc2+ 29. Re2 Rc7 30. Ke1 b3 31. Kd2 Ke7 32. Kd3 h5 33. Bg2 g5
34. h3 g4 35. hxg4 hxg4 36. Rf2 Rc1 37. Bf1 Ba5 38. Bg2 Rg1 39. Kc4 Be1 40. Re2
Bxg3 41. Kxb3 Kf6 42. Kc4 Kg5 43. b4 Rb1 44. b5 Be1 45. b6 Ba5 46. Rf2 Bxb6 47.
Rxf7 Bxe3 48. Bf1 Rxf1 49. Rxf1 g3 0-1

[Event "Riga Open 2015"]
[Site "Riga LAT"]
[Date "2015.08.13"]
[Round "6"]
[White "Kjartansson, Gudmundur"]
[Black "Kovalenko, Igor"]
[Result "0-1"]
[WhiteElo "2447"]
[BlackElo "2702"]
[PlyCount "103"]
[EventDate "2015.08.10"]

1. Nf3 d5 2. c4 e6 3. d4 Nf6 4. Nc3 c6 5. e3 Nbd7 6. Qc2 Bd6 7. Bd3 O-O 8. O-O
dxc4 9. Bxc4 e5 10. h3 h6 11. Rd1 exd4 12. Nxd4 Nb6 13. Bb3 Qe7 14. Nf5 Bxf5
15. Qxf5 Be5 16. Bd2 Rad8 17. Be1 Nbd7 18. Rac1 Kh8 19. Bc2 g6 20. Qf3 Kg7 21.
a3 Rfe8 22. b4 h5 23. Bb3 Bb8 24. Na4 Ne4 25. Rd4 f5 26. Rcd1 Ndf6 27. Rxd8
Rxd8 28. Rxd8 Qxd8 29. Qd1 Qc7 30. f4 g5 31. g3 Qe7 32. Qd4 Bc7 33. Nc5 Bb6 34.
fxg5 Nxg5 35. Kg2 Kg6 36. Bc2 Nge4 37. g4 hxg4 38. hxg4 Nxg4 39. Bxe4 fxe4 40.
Qxe4+ Qxe4+ 41. Nxe4 Nxe3+ 42. Kf3 Nc4 43. a4 Kf5 44. Nd2 Nxd2+ 45. Bxd2 Ke5
46. Ke2 Kd4 47. a5 Bc7 48. Be3+ Kc4 49. Bxa7 Kxb4 50. a6 b6 51. Kd3 Kb5 52. Kd4
0-1

[Event "Russian Superfinal 2015"]
[Site "Chita RUS"]
[Date "2015.08.14"]
[Round "6"]
[White "Vitiugov, Nikita"]
[Black "Khismatullin, Denis"]
[Result "1-0"]
[WhiteElo "2719"]
[BlackElo "2642"]
[PlyCount "115"]
[EventDate "2015.08.09"]

1. d4 Nf6 2. c4 e6 3. Nf3 d5 4. Bg5 c6 5. e3 Nbd7 6. Nbd2 h6 7. Bh4 g5 8. Bg3
Nh5 9. Bd3 Nxg3 10. hxg3 Bg7 11. Qc2 Qe7 12. Rc1 O-O 13. O-O e5 14. cxd5 cxd5
15. dxe5 Nxe5 16. Nxe5 Qxe5 17. b4 Bg4 18. Nf3 Qb2 19. Qxb2 Bxb2 20. Rc7 Bxf3
21. gxf3 Rab8 22. Rb1 Be5 23. Rc5 Rfd8 24. Rd1 Bf6 25. Bc2 d4 26. Bb3 dxe3 27.
Rxd8+ Bxd8 28. fxe3 Kf8 29. Kg2 Ke7 30. f4 f6 31. Rc4 b5 32. Re4+ Kf8 33. Kf3
h5 34. Rd4 Ke7 35. Rd5 h4 36. gxh4 gxh4 37. Rh5 a5 38. bxa5 Bxa5 39. Rxh4 Kd6
40. Rh5 Bc3 41. Rd5+ Kc6 42. Rd1 Rh8 43. Kg4 Rh2 44. Rd8 Kc7 45. Re8 Kd6 46.
Kf5 Re2 47. Kg6 Rg2+ 48. Kf7 Rh2 49. e4 Rh7+ 50. Kg6 Re7 51. Rd8+ Rd7 52. Rb8
b4 53. e5+ fxe5 54. f5 Kc7 55. Re8 Rd8 56. Re7+ Rd7 57. f6 Kd8 58. Rxd7+ 1-0

[Event "Russian Superfinal 2015"]
[Site "Chita RUS"]
[Date "2015.08.14"]
[Round "6"]
[White "Khairullin, Ildar"]
[Black "Karjakin, Sergey"]
[Result "1/2-1/2"]
[WhiteElo "2662"]
[BlackElo "2753"]
[PlyCount "67"]
[EventDate "2015.08.09"]

1. d4 Nf6 2. c4 e6 3. Nc3 Bb4 4. Qc2 d5 5. cxd5 Qxd5 6. e3 c5 7. Bd2 Bxc3 8.
Bxc3 cxd4 9. Bxd4 Nc6 10. Bc3 e5 11. Nf3 O-O 12. Be2 Re8 13. O-O Qe4 14. Rfc1
Qxc2 15. Rxc2 Bf5 16. Rcc1 Ne4 17. Be1 f6 18. Bb5 Rac8 19. Nd2 Nxd2 20. Bxd2
Red8 21. Be1 Kf7 22. Bxc6 Rxc6 23. Rxc6 bxc6 24. Rc1 c5 25. f3 Rc8 26. e4 Be6
27. Bf2 Bxa2 28. Rxc5 Rxc5 29. Bxc5 a6 30. Kf2 Bb1 31. Bb4 Ba2 32. Bc5 Bb1 33.
Bb4 Ba2 34. Bc5 1/2-1/2

[Event "Russian Superfinal 2015"]
[Site "Chita RUS"]
[Date "2015.08.14"]
[Round "6"]
[White "Motylev, Alexander"]
[Black "Tomashevsky, Evgeny"]
[Result "1/2-1/2"]
[WhiteElo "2658"]
[BlackElo "2747"]
[PlyCount "81"]
[EventDate "2015.08.09"]

1. e4 e5 2. Nf3 Nc6 3. Bb5 a6 4. Ba4 Nf6 5. O-O Be7 6. Re1 b5 7. Bb3 O-O 8. a4
Bb7 9. d3 d6 10. Nbd2 Na5 11. Ba2 c5 12. Nf1 bxa4 13. Ne3 Bc8 14. Nh4 g6 15.
Nf3 Bd7 16. Nd5 Nxd5 17. Bxd5 Rb8 18. Bh6 Re8 19. Qc1 Bf8 20. Bd2 Bg7 21. h4
Nc6 22. Ng5 Rf8 23. Rxa4 Nb4 24. Ra1 Nxd5 25. exd5 Bc8 26. Nf3 Qb6 27. Ba5 Qb7
28. c4 Bf5 29. Qe3 Rfe8 30. Bc3 Ra8 31. Nd2 Qe7 32. g3 Bc8 33. b4 cxb4 34. Bxb4
Rb8 35. Bc3 f5 36. f4 Qf8 37. Qf2 Rb7 38. Re2 exf4 39. Bxg7 Rxg7 40. Rxe8 Qxe8
41. Qxf4 1/2-1/2

[Event "Russian Superfinal 2015"]
[Site "Chita RUS"]
[Date "2015.08.14"]
[Round "6"]
[White "Artemiev, Vladislav"]
[Black "Bukavshin, Ivan"]
[Result "1/2-1/2"]
[WhiteElo "2671"]
[BlackElo "2655"]
[PlyCount "109"]
[EventDate "2015.08.09"]

1. d4 Nf6 2. c4 e6 3. Nf3 d5 4. g3 Be7 5. Bg2 O-O 6. O-O dxc4 7. Qc2 b6 8. Qxc4
Bb7 9. Nc3 Nbd7 10. Bg5 Rc8 11. Nb5 Bd5 12. Qc2 Be4 13. Qc1 c6 14. Nc3 Bg6 15.
Rd1 Nd5 16. Bf4 Nxc3 17. Qxc3 Be4 18. Rac1 b5 19. Qe3 Bd5 20. Qd3 f5 21. Ne5
Nxe5 22. Bxe5 Bxg2 23. Kxg2 Qd5+ 24. f3 a6 25. Qb3 Rfd8 26. Qxd5 Rxd5 27. Rd3
c5 28. Ra3 Rc6 29. e4 Rd8 30. dxc5 Rd2+ 31. Kh1 fxe4 32. fxe4 Re2 33. b4 Rxe4
34. Bc3 Bxc5 35. bxc5 b4 36. Bxb4 Rxb4 37. Rb3 Rd4 38. Rb6 Rxb6 39. cxb6 Rb4
40. Rc8+ Kf7 41. Rc7+ Kf6 42. b7 Rb2 43. a4 h5 44. Kg1 g5 45. Kf1 e5 46. Ke1
Ke6 47. Kd1 Kd6 48. Rh7 h4 49. Kc1 Rb4 50. gxh4 gxh4 51. a5 Kc6 52. Rxh4 Rxb7
53. Rh6+ Kc5 54. Rxa6 Rh7 55. Ra8 1/2-1/2

[Event "Russian Superfinal 2015"]
[Site "Chita RUS"]
[Date "2015.08.14"]
[Round "6"]
[White "Dubov, Daniil"]
[Black "Jakovenko, Dmitry"]
[Result "0-1"]
[WhiteElo "2654"]
[BlackElo "2759"]
[PlyCount "96"]
[EventDate "2015.08.09"]

1. d4 Nf6 2. c4 e6 3. Nf3 b6 4. g3 Ba6 5. Qc2 c5 6. Bg2 Nc6 7. dxc5 bxc5 8. O-O
Be7 9. e4 Rc8 10. e5 Ng4 11. Qe4 f5 12. exf6 Nxf6 13. Qe2 O-O 14. Nbd2 Bb7 15.
b3 a5 16. Bb2 Qb6 17. Rab1 Qa7 18. a3 Qa8 19. Rfe1 a4 20. bxa4 Nd4 21. Qd3
Nxf3+ 22. Bxf3 Bxf3 23. Nxf3 Qxa4 24. Rbd1 Qc6 25. Ng5 g6 26. h4 Rcd8 27. Qc3
Rb8 28. Ba1 Qb7 29. Rd3 h6 30. Rf3 hxg5 31. hxg5 Bd8 32. gxf6 Kf7 33. Rd1 Rh8
34. Qd3 d5 35. Be5 Rc8 36. cxd5 exd5 37. Rf4 g5 38. Rg4 d4 39. Qc4+ Kg6 40.
Qd3+ Kf7 41. Re4 Bxf6 42. Bxf6 Kxf6 43. Qf3+ Kg7 44. Qf5 Rh5 45. Rde1 Re8 46.
Kg2 d3 47. Qf3 d2 48. Qc3+ Kg8 0-1

[Event "Russian Superfinal 2015"]
[Site "Chita RUS"]
[Date "2015.08.14"]
[Round "6"]
[White "Svidler, Peter"]
[Black "Lysyj, Igor"]
[Result "1-0"]
[WhiteElo "2739"]
[BlackElo "2673"]
[PlyCount "81"]
[EventDate "2015.08.09"]

1. Nf3 Nf6 2. g3 d5 3. Bg2 e6 4. O-O Be7 5. d3 O-O 6. Nbd2 c5 7. e4 Nc6 8. Re1
Qc7 9. Qe2 b5 10. exd5 exd5 11. a4 bxa4 12. Rxa4 Re8 13. Qd1 h6 14. Nb3 Be6 15.
Bf4 Qb6 16. Ne5 Nxe5 17. Bxe5 Nd7 18. Bc3 Bf6 19. Qa1 a6 20. h3 Rec8 21. Qa3
Ra7 22. Bxf6 Nxf6 23. Ra1 c4 24. Rb4 Qd8 25. Nd4 Bd7 26. dxc4 dxc4 27. Qa5 Qe7
28. Rb6 Rc5 29. Rb8+ Kh7 30. Qb6 Rac7 31. c3 Bb5 32. Rb7 Rxb7 33. Qxb7 Qxb7 34.
Bxb7 Bd7 35. Bxa6 Bxh3 36. Ra4 Re5 37. Bxc4 Re1+ 38. Kh2 Bf1 39. Nf3 Rc1 40.
Bxf7 Rc2 41. Ne5 1-0

[Event "Riga Open 2015"]
[Site "Riga LAT"]
[Date "2015.08.14"]
[Round "7"]
[White "Shirov, Alexei"]
[Black "Hovhannisyan, Robert"]
[Result "1/2-1/2"]
[WhiteElo "2702"]
[BlackElo "2612"]
[PlyCount "114"]
[EventDate "2015.08.10"]

1. d4 d5 2. c4 c6 3. Nc3 Nf6 4. e3 e6 5. Nf3 Nbd7 6. Qc2 Bd6 7. b3 O-O 8. Bb2
Qe7 9. Bd3 Re8 10. O-O-O e5 11. dxe5 Nxe5 12. cxd5 cxd5 13. Nxd5 Nxd5 14. Bxh7+
Kh8 15. Rxd5 Be6 16. Rxd6 Nxf3 17. Qd1 Kxh7 18. gxf3 Bf5 19. e4 Rad8 20. Rxd8
Rxd8 21. Qe2 Qg5+ 22. Qe3 Qg2 23. Re1 Bg6 24. Be5 Re8 25. Bc3 Bh5 26. f4 Bg6
27. f3 Qxa2 28. f5 Bxf5 29. Qd4 f6 30. exf5 Rxe1+ 31. Bxe1 Qxb3 32. Qxa7 Qxf3
33. Qf2 Qa3+ 34. Kc2 Qa2+ 35. Kc3 Qa5+ 36. Kc4 Qa4+ 37. Kc5 Qc6+ 38. Kb4 Qd6+
39. Ka4 Qc6+ 40. Ka3 Qa6+ 41. Kb3 Qd3+ 42. Bc3 Qb5+ 43. Kc2 Qa4+ 44. Kd2 Qe4
45. Bd4 b5 46. Kc3 Qd5 47. Kb4 Qc4+ 48. Ka5 Qa4+ 49. Kb6 Qc4 50. Qh4+ Kg8 51.
Qe4 Kh7 52. Qe3 b4 53. Bxf6 gxf6 54. Qe7+ Kg8 55. Qe8+ Kg7 56. Qg6+ Kf8 57.
Qxf6+ Kg8 1/2-1/2

[Event "Riga Open 2015"]
[Site "Riga LAT"]
[Date "2015.08.14"]
[Round "7"]
[White "Kovalenko, Igor"]
[Black "Georgiadis, Nico"]
[Result "1-0"]
[WhiteElo "2702"]
[BlackElo "2485"]
[PlyCount "73"]
[EventDate "2015.08.10"]

1. d4 Nf6 2. Nf3 d5 3. c4 e6 4. Nc3 Bb4 5. e3 O-O 6. Bd3 b6 7. cxd5 exd5 8. O-O
Bb7 9. Ne5 Nbd7 10. f4 c5 11. Bd2 Ne4 12. Rc1 Rc8 13. Be1 Nxe5 14. dxe5 Bxc3
15. bxc3 f5 16. Qh5 Qd7 17. Rd1 Qe6 18. Qe2 Rcd8 19. h3 Bc6 20. Kh2 Ba4 21. Rc1
Rd7 22. Bh4 Bc6 23. Rg1 Kh8 24. g4 g6 25. Bxe4 dxe4 26. Bf6+ Rxf6 27. exf6 Qxf6
28. Rcd1 fxg4 29. Rxd7 Bxd7 30. Rd1 Ba4 31. Rd2 Qxc3 32. hxg4 Qf6 33. Kg3 Qa1
34. Kg2 Qb1 35. Qa6 Bb5 36. Qc8+ Kg7 37. Qc7+ 1-0

[Event "Turkish Super League 2015"]
[Site "Kocaeli TUR"]
[Date "2015.08.15"]
[Round "13"]
[White "So, Wesley"]
[Black "Zhigalko, Sergei"]
[Result "1-0"]
[WhiteElo "2779"]
[BlackElo "2654"]
[PlyCount "89"]
[EventDate "2015.08.04"]
[WhiteTeam "Deniz Su Aquamatch Satranc Genclik Ve Sports "]
[BlackTeam "Kahramanmaras Buyuksehir Belediye Sports Club"]

1. Nf3 Nf6 2. c4 e6 3. Nc3 Bb4 4. Qc2 O-O 5. a3 Bxc3 6. Qxc3 d6 7. b4 e5 8. e3
Re8 9. Bb2 h6 10. Be2 Bf5 11. O-O Nbd7 12. d3 c6 13. a4 a5 14. b5 c5 15. e4 Bg4
16. h3 Bxf3 17. Bxf3 Nf8 18. g3 Ne6 19. Bg2 Nd4 20. Rae1 Kf8 21. f4 Ke7 22. Qd2
b6 23. h4 Kd7 24. Bh3+ Kc7 25. Bxd4 cxd4 26. fxe5 dxe5 27. Rc1 Qd6 28. c5 bxc5
29. Rxc5+ Qxc5 30. Rc1 Nd7 31. Rxc5+ Nxc5 32. Qa2 Kb6 33. Qd5 Rac8 34. Bxc8
Rxc8 35. Qxf7 Nxd3 36. Qe6+ Kb7 37. Qa6+ Kb8 38. Qb6+ Ka8 39. Qxa5+ Kb8 40.
Qb6+ Ka8 41. Qa6+ Kb8 42. b6 Rc1+ 43. Kg2 Rc2+ 44. Kf1 Rc1+ 45. Ke2 1-0

[Event "Turkish Super League 2015"]
[Site "Kocaeli TUR"]
[Date "2015.08.15"]
[Round "13"]
[White "Kuzubov, Yuriy"]
[Black "Harikrishna, Pentala"]
[Result "1/2-1/2"]
[WhiteElo "2638"]
[BlackElo "2740"]
[PlyCount "101"]
[EventDate "2015.08.04"]
[WhiteTeam "Tarsus Zeka Satranc Kulubu"]
[BlackTeam "Istanbul Technical University Sports Club"]

1. c4 Nf6 2. Nc3 e5 3. Nf3 Nc6 4. d3 Bb4 5. Bd2 O-O 6. g3 Nd4 7. Bg2 Nxf3+ 8.
Bxf3 d6 9. O-O a6 10. Bg2 Rb8 11. Rc1 h6 12. a3 Bc5 13. Nd5 c6 14. Nxf6+ Qxf6
15. b4 Bb6 16. c5 Bc7 17. e4 Qd8 18. Be3 Be6 19. f4 f6 20. d4 exd4 21. Qxd4 Qe7
22. cxd6 Bxd6 23. Qc3 Rfd8 24. Rce1 Bc7 25. Rd1 Bg4 26. Rxd8+ Rxd8 27. Re1 Rd7
28. h3 Be6 29. Bf1 Kh8 30. Re2 Bf7 31. Bg2 Bg6 32. Bf2 Qd8 33. e5 fxe5 34. fxe5
Rd1+ 35. Kh2 Rd3 36. Qc5 Rxa3 37. e6 Qb8 38. Re3 Rxe3 39. Qxe3 Bd6 40. Be4 Qe8
41. Bxg6 Qxg6 42. Qe1 Qe8 43. Bc5 Bxc5 44. bxc5 a5 45. e7 a4 46. Qe6 a3 47. Qd6
Kg8 48. Qe6+ Kh7 49. Qf5+ Kg8 50. Qe6+ Kh7 51. Qf5+ 1/2-1/2